[Event "Первенство Москвы"]
[Site "РњРѕСЃРєРІР°"]
[Date "2016.11.13"]
[Round "2.11"]
[White "Akhmetshin, Alexander"]
[Black "Zaitsev, Yuriy"]
[Result "0-1"]
[WhiteElo "1666"]
[BlackElo "1523"]
[PlyCount "108"]
[EventDate "2016.11.12"]

1. e4 c6 2. d4 d5 3. e5 Bf5 4. g4 Bd7 5. Bd3 e6 6. h4 c5 7. c3 Nc6 8. Ne2 Qb6
9. Qb3 Qxb3 10. axb3 cxd4 11. cxd4 Nb4 12. Kd2 Nxd3 13. Kxd3 Ne7 14. Na3 Nc6
15. Bd2 Nb4+ 16. Bxb4 Bxb4 17. Nc3 a6 18. Nc2 Be7 19. g5 h6 20. f4 O-O-O 21.
Ne3 Kb8 22. Ng4 h5 23. Ne3 g6 24. Rhc1 Rc8 25. Ned1 Rc7 26. Na2 Bc6 27. Ndc3
Rhc8 28. Kd2 Ka7 29. Rc2 Bd7 30. Rac1 Kb8 31. Ne2 Rxc2+ 32. Rxc2 Bb5 33. Rxc8+
Kxc8 34. Nec3 Bf1 35. b4 Bc4 36. Kc2 Bxa2 37. Nxa2 Kc7 38. Kb3 Kb6 39. Nc3 Kc6
40. Na4 Bd8 41. Nc5 Bb6 42. Ka4 Ba7 43. Kb3 Bxc5 44. bxc5 Kb5 45. Kc3 a5 46.
Kb3 a4+ 47. Ka3 Ka5 48. b3 axb3 49. Kxb3 Kb5 50. Ka3 Kc4 51. Ka4 Kxd4 52. Kb5
Kc3 53. c6 bxc6+ 54. Kxc6 d4 0-1

[Event "Первенство Москвы"]
[Site "РњРѕСЃРєРІР°"]
[Date "2016.11.13"]
[Round "2.12"]
[White "Girshgorn, Leonid"]
[Black "Ivanov, Artem T"]
[Result "1-0"]
[WhiteElo "1518"]
[BlackElo "1660"]
[PlyCount "87"]
[EventDate "2016.11.12"]

1. d4 d5 2. c4 c6 3. e3 Nf6 4. Nf3 Bf5 5. Nc3 e6 6. Bd3 Bxd3 7. Qxd3 Nbd7 8.
O-O Be7 9. b3 O-O 10. Bb2 Qc7 11. Rac1 Nb6 12. Rfd1 Rfd8 13. e4 dxe4 14. Nxe4
c5 15. Nxf6+ Bxf6 16. Qe4 cxd4 17. Bxd4 Bxd4 18. Nxd4 a6 19. a4 Nd7 20. b4 Nf6
21. Qf3 e5 22. Nf5 e4 23. Qg3 Qxg3 24. hxg3 a5 25. b5 b6 26. Ne7+ Kf8 27. Nc6
Rd7 28. Kf1 Re8 29. Ke2 Re6 30. c5 bxc5 31. Nxa5 Rxd1 32. Rxd1 Ke8 33. Nb7 Nd7
34. Rxd7 Kxd7 35. Nxc5+ Kd6 36. Nxe6 Kxe6 37. a5 Kd6 38. a6 Kc7 39. Ke3 f5 40.
Kf4 g6 41. g4 fxg4 42. Kxg4 h6 43. Kf4 g5+ 44. Kxe4 1-0

[Event "Первенство Москвы"]
[Site "РњРѕСЃРєРІР°"]
[Date "2016.11.13"]
[Round "2.13"]
[White "Tarasov, Danila"]
[Black "Knjazev, Artem"]
[Result "1-0"]
[WhiteElo "1659"]
[BlackElo "1476"]
[PlyCount "81"]
[EventDate "2016.11.12"]

1. e4 c5 2. Nf3 e6 3. d4 cxd4 4. Nxd4 Nf6 5. Nc3 d6 6. Be3 a6 7. Qd2 Be7 8. f3
Nbd7 9. Be2 O-O 10. O-O-O b5 11. Nc6 Qe8 12. Nxe7+ Qxe7 13. Qxd6 Qd8 14. g4 Qa5
15. a3 Rb8 16. Na2 Rb7 17. Nb4 Ne8 18. Qd2 Qc7 19. Nxa6 Qc6 20. Nb4 Qc7 21. h4
Nc5 22. Qc3 Nd7 23. Qxc7 Nxc7 24. Nc6 Kh8 25. Ne7 Na6 26. Nxc8 Rxc8 27. Bxb5
Rxb5 28. Rxd7 Kg8 29. Rhd1 Rbb8 30. Ra7 Rc6 31. Rdd7 Rf8 32. b4 Rfc8 33. Rxf7
Rxc2+ 34. Kb1 R2c3 35. Rxg7+ Kf8 36. Bh6 Nc7 37. Rgxc7+ Kg8 38. Rg7+ Kh8 39.
Rxh7+ Kg8 40. Rag7+ Kf8 41. Rh8# 1-0

[Event "Первенство Москвы"]
[Site "РњРѕСЃРєРІР°"]
[Date "2016.11.13"]
[Round "2.14"]
[White "Kireev, Igor"]
[Black "Kozlov, Kirill"]
[Result "1-0"]
[WhiteElo "1479"]
[BlackElo "1654"]
[PlyCount "49"]
[EventDate "2016.11.12"]

1. e4 d6 2. d4 g6 3. Be3 Nf6 4. f3 Bg7 5. Qd2 O-O 6. Nc3 Nbd7 7. O-O-O b6 8.
Bh6 c5 9. Nge2 cxd4 10. Nxd4 Nc5 11. g4 Nfd7 12. Nc6 Qe8 13. Nd5 Ne5 14. Nxe5
dxe5 15. Bxg7 Kxg7 16. Nc7 Qa4 17. Qd5 Rb8 18. Bb5 Qa5 19. Kb1 Rb7 20. Bc6 Qb4
21. Bxb7 Na4 22. Qxe5+ f6 23. Qd4 Qa5 24. Bc6 Nc5 25. b4 1-0

[Event "Первенство Москвы"]
[Site "РњРѕСЃРєРІР°"]
[Date "2016.11.13"]
[Round "2.16"]
[White "Vdovin, Georgy"]
[Black "Vorobiev-Achinovich, Ivan"]
[Result "1-0"]
[WhiteElo "1637"]
[BlackElo "1378"]
[PlyCount "63"]
[EventDate "2016.11.12"]

1. d4 d5 2. Bf4 Nf6 3. e3 e6 4. a3 Be7 5. Nf3 O-O 6. c4 c6 7. Nc3 Nbd7 8. c5 b6
9. b4 bxc5 10. bxc5 Qa5 11. Qb3 Ne4 12. Rc1 Nxc3 13. Qxc3 Qxc3+ 14. Rxc3 Bd8
15. Rb3 Ba5+ 16. Kd1 f6 17. h3 Re8 18. Kc2 e5 19. Bg3 exd4 20. exd4 Ba6 21.
Bxa6 Nf8 22. Re3 Red8 23. Bb7 Rab8 24. Bxb8 Rxb8 25. Bxc6 Kh8 26. Re8 Rxe8 27.
Bxe8 a6 28. Bf7 Ng6 29. Rb1 h6 30. Bxg6 f5 31. Rb8+ Bd8 32. Rxd8# 1-0

[Event "Первенство Москвы"]
[Site "РњРѕСЃРєРІР°"]
[Date "2016.11.13"]
[Round "2.17"]
[White "Rustamov, Sezqin"]
[Black "Mishuris, Matvey"]
[Result "0-1"]
[WhiteElo "1798"]
[BlackElo "1861"]
[PlyCount "102"]
[EventDate "2016.11.12"]

1. e4 c5 2. Nf3 Nc6 3. d4 cxd4 4. Nxd4 Nf6 5. Nc3 e5 6. Ndb5 d6 7. Nd5 Nxd5 8.
exd5 Nb8 9. c4 Na6 10. Bd3 Bd7 11. Nc3 Nc5 12. Bc2 a5 13. O-O Be7 14. Be3 Rc8
15. b3 f5 16. f4 e4 17. Bd4 O-O 18. Qh5 g6 19. Qe2 Bf6 20. Qe3 Bxd4 21. Qxd4
Qf6 22. Qxf6 Rxf6 23. Kf2 Na6 24. a4 Re8 25. Ke3 Nb4 26. Rf2 h6 27. h4 Rf7 28.
Na2 Nxa2 29. Rxa2 Rg7 30. Bd1 g5 31. hxg5 hxg5 32. fxg5 Rxg5 33. Kf4 Rg7 34. g4
fxg4 35. Rg2 Rf7+ 36. Kg3 Rg7 37. Kf4 g3 38. Ke3 Bh3 39. Rg1 Re5 40. b4 axb4
41. Rb2 g2 42. Rf2 b3 43. Rf4 b2 44. Bc2 Rg3+ 45. Kf2 Rc3 46. Bxe4 Rxc4 47.
Bh7+ Kxh7 48. Rxc4 Rf5+ 49. Ke3 Rf1 50. Rh4+ Kg6 51. Rxh3 Rxg1 0-1

[Event "Первенство Москвы"]
[Site "РњРѕСЃРєРІР°"]
[Date "2016.11.13"]
[Round "2.18"]
[White "Baituganov, Vyacheslav"]
[Black "Pavlov, Mark"]
[Result "0-1"]
[WhiteElo "1537"]
[BlackElo "1734"]
[PlyCount "136"]
[EventDate "2016.11.12"]

1. e4 e6 2. d4 d5 3. Nc3 Nf6 4. Bg5 Bb4 5. e5 h6 6. exf6 hxg5 7. fxg7 Rg8 8.
Nf3 Nc6 9. g4 Bd7 10. Be2 Qf6 11. Qd2 Rxg7 12. h4 gxh4 13. Rxh4 O-O-O 14. O-O-O
Rgg8 15. Rdh1 Rh8 16. g5 Qg7 17. Rh6 Ne7 18. Bd3 Nc6 19. Qf4 a6 20. Nd1 Bd6 21.
Qh4 Rhg8 22. Ne3 Nb4 23. Bh7 Rge8 24. a3 Nc6 25. Bd3 Rg8 26. c3 Na5 27. Kb1 Qf8
28. Nc2 Ba4 29. Nb4 Qe8 30. Re1 Bb5 31. Bc2 Qd7 32. Ne5 Bxe5 33. Rxe5 Nc4 34.
Re1 a5 35. Nd3 Qe7 36. Rh5 Nd2+ 37. Ka1 Nf3 38. Qh1 Nxe1 39. Qxe1 Bxd3 40. Bxd3
Rh8 41. Qh1 Rxh5 42. Qxh5 Rg8 43. f4 Kb8 44. Qh7 Re8 45. Bb5 c6 46. Be2 f5 47.
Qh4 Qf8 48. Qh5 Qh8 49. Kb1 Qxh5 50. Bxh5 Re7 51. Kc2 Kc7 52. Kd3 Kd6 53. Ke3
c5 54. Kf2 cxd4 55. cxd4 Kc6 56. a4 Kd7 57. Kg3 Rg7 58. Be2 Ke7 59. Bh5 Kf8 60.
Kh4 Re7 61. Kg3 Rc7 62. Kf2 Rc2+ 63. Ke3 Rxb2 64. Be2 Rb3+ 65. Bd3 Ra3 66. Kd2
Rxa4 67. Kc3 Rb4 68. Bc2 Rc4+ 0-1

[Event "Первенство Москвы"]
[Site "РњРѕСЃРєРІР°"]
[Date "2016.11.13"]
[Round "2.19"]
[White "Kim, Andrey"]
[Black "Titov, Alexander"]
[Result "0-1"]
[WhiteElo "1440"]
[BlackElo "1691"]
[PlyCount "132"]
[EventDate "2016.11.12"]

1. d4 Nf6 2. c4 c5 3. Nf3 cxd4 4. Nxd4 g6 5. b3 Bg7 6. Bb2 O-O 7. g3 d6 8. Bg2
Nbd7 9. O-O Rb8 10. Nc3 a5 11. Ncb5 Nc5 12. Nc3 Bd7 13. e3 Qc8 14. Re1 Bh3 15.
Nd5 Nxd5 16. Bxd5 Qd7 17. Bf3 h5 18. Qd2 Ra8 19. Ne2 Bxb2 20. Qxb2 Nd3 21. Qc3
Nxe1 22. Rxe1 Bg4 23. Bg2 a4 24. f3 Be6 25. Nf4 axb3 26. axb3 Ra2 27. h3 Rc8
28. g4 h4 29. Qd3 Kh7 30. Nxe6 Qxe6 31. f4 Qf6 32. Rb1 b6 33. Be4 Ra1 34. g5
Rxb1+ 35. Qxb1 Qc3 36. Kf2 Qd2+ 37. Kf3 Qh2 38. Qf1 Qb2 39. Qd3 Qh2 40. Qf1 f6
41. gxf6 exf6 42. Bd5 Re8 43. e4 Qg3+ 44. Ke2 Qxb3 45. f5 Qb2+ 46. Ke3 Qe5 47.
fxg6+ Kxg6 48. Qg2+ Qg5+ 49. Kf3 Qxg2+ 50. Kxg2 Re5 51. Kf3 Kg5 52. Bc6 Ra5 53.
Bd7 Ra3+ 54. Kg2 Kf4 55. Bc6 Rc3 56. Bd5 Rc2+ 57. Kf1 Rh2 58. Kg1 Rxh3 59. Kg2
Rg3+ 60. Kh2 Rc3 61. Kg2 h3+ 62. Kh2 Kg4 63. Be6+ Kh4 64. Kh1 Kg3 65. Bxh3 Rc1+
66. Bf1 Rxf1# 0-1

[Event "Первенство Москвы"]
[Site "РњРѕСЃРєРІР°"]
[Date "2016.11.13"]
[Round "2.20"]
[White "Kirushin, Ivan"]
[Black "Trofimov, Boris"]
[Result "1/2-1/2"]
[WhiteElo "1671"]
[BlackElo "1441"]
[PlyCount "110"]
[EventDate "2016.11.12"]

1. e4 c6 2. d4 d5 3. Nc3 dxe4 4. Nxe4 Bf5 5. Ng3 Bg6 6. h4 h6 7. N1e2 Nf6 8.
Nf4 Bh7 9. Bc4 Nd5 10. Nxd5 cxd5 11. Bb5+ Nc6 12. Bxc6+ bxc6 13. c3 e6 14. Bf4
Bd6 15. Bxd6 Qxd6 16. Qg4 Rg8 17. O-O Rb8 18. b4 Kd7 19. Qe2 Kc7 20. Qa6 Rb7
21. Ne2 g5 22. h5 Kb8 23. Nc1 g4 24. Qe2 Rg5 25. Qe3 Rxh5 26. Qg3 Qxg3 27. fxg3
Be4 28. Nb3 f5 29. Nc5 Re7 30. a4 Rg5 31. b5 Kc7 32. bxc6 Kxc6 33. Nxe4 dxe4
34. Rab1 Kd5 35. Kf2 Kc4 36. Ke3 Rgg7 37. Rb4+ Kd5 38. c4+ Kc6 39. d5+ Kd6 40.
dxe6 Kxe6 41. Rb5 Rgf7 42. Rh1 Rf6 43. Ra5 Kf7 44. Kf4 Kg6 45. Re1 Rd7 46. Re2
Rd4 47. Rxa7 Re6 48. Ke3 Rxc4 49. Rb2 Rc3+ 50. Kf2 Rd6 51. a5 Kf6 52. Rb6 Ke5
53. Rxd6 Kxd6 54. a6 Kc6 55. Rf7 Kb6 1/2-1/2

[Event "Первенство Москвы"]
[Site "РњРѕСЃРєРІР°"]
[Date "2016.11.13"]
[Round "2.21"]
[White "Zurabian, Vage"]
[Black "Zherdev, Sviatoslav"]
[Result "0-1"]
[WhiteElo "1649"]
[BlackElo "1412"]
[PlyCount "108"]
[EventDate "2016.11.12"]

1. c4 e5 2. g3 Nf6 3. Bg2 c6 4. d4 e4 5. Nc3 d5 6. e3 Bb4 7. cxd5 cxd5 8. Nge2
O-O 9. O-O Nc6 10. a3 Bd6 11. Bd2 Re8 12. b4 Bg4 13. Qb3 Bc7 14. Rac1 Qd7 15.
h3 Bxh3 16. Nxd5 Nxd5 17. Bxh3 Qxh3 18. Qxd5 Re6 19. f4 exf3 20. Qxf3 Rf6 21.
Qg2 Qxg2+ 22. Kxg2 Rxf1 23. Kxf1 Bd6 24. Kg2 Re8 25. Nf4 g5 26. Nd5 Kg7 27. a4
Kg6 28. b5 Nxd4 29. Rf1 Ne6 30. Rf6+ Kg7 31. Bc3 Kg8 32. Rh6 Rc8 33. Kf3 Rc4
34. Nf6+ Kg7 35. Ba1 Rxa4 36. Bc3 Rc4 37. Ba1 g4+ 38. Ke2 Be7 39. Nd5+ Kxh6 40.
Nxe7 Rb4 41. Kd3 Rxb5 42. Ke4 a5 43. Nd5 f5+ 44. Kxf5 Rxd5+ 45. Kxe6 Rd3 46.
Kf5 Rxe3 47. Kxg4 Kg6 48. Kf4 Re1 49. Bc3 Rf1+ 50. Ke3 a4 51. Kd2 a3 52. Kc2 a2
53. Kb3 a1=Q 54. Bxa1 Rxa1 0-1

[Event "Первенство Москвы"]
[Site "РњРѕСЃРєРІР°"]
[Date "2016.11.13"]
[Round "2.22"]
[White "Morozov, Yury"]
[Black "Denisov, Mikhail"]
[Result "0-1"]
[WhiteElo "1552"]
[BlackElo "1365"]
[PlyCount "56"]
[EventDate "2016.11.12"]

1. e4 c5 2. Nf3 d6 3. d4 cxd4 4. Nxd4 Nf6 5. Nc3 a6 6. f3 e5 7. Nb3 Be6 8. Be3
Be7 9. Qd2 O-O 10. O-O-O Nbd7 11. g4 b5 12. g5 b4 13. Ne2 Ne8 14. h4 a5 15. Na1
Nb6 16. Ng3 g6 17. h5 Rc8 18. Qh2 Bxg5 19. hxg6 Bxe3+ 20. Kb1 h6 21. Nf5 Bxf5
22. exf5 fxg6 23. fxg6 Rxf3 24. Bd3 Nc4 25. Qg2 Qf6 26. Rhf1 Rxf1 27. Qd5+ Kg7
28. Qb7+ Rc7 0-1

[Event "Первенство Москвы"]
[Site "РњРѕСЃРєРІР°"]
[Date "2016.11.13"]
[Round "2.23"]
[White "Kushnarenko, Egor"]
[Black "Sheyafetdinov, Daniil"]
[Result "1-0"]
[WhiteElo "1544"]
[BlackElo "1339"]
[PlyCount "129"]
[EventDate "2016.11.12"]

1. e4 e5 2. Nf3 Nc6 3. Bc4 Bc5 4. c3 Nf6 5. d4 exd4 6. cxd4 Bb4+ 7. Bd2 Bxd2+
8. Nbxd2 d5 9. exd5 Nxd5 10. Qb3 Nce7 11. O-O O-O 12. Rfe1 c6 13. Ne4 Qb6 14.
Nc3 Qxb3 15. Bxb3 Be6 16. Ng5 Bd7 17. Nge4 Nxc3 18. Nxc3 Ng6 19. Ne4 Rfe8 20.
Nd6 Rxe1+ 21. Rxe1 b6 22. Nxf7 Kf8 23. Ng5 Ne7 24. Nxh7+ Ke8 25. Ng5 Bf5 26.
Nf7 Bg6 27. Ne5 Kf8 28. Nxg6+ Nxg6 29. Re3 Rd8 30. Rf3+ Ke7 31. Rf7+ Kd6 32.
Rxg7 Nf4 33. Bd1 Re8 34. Kf1 Nd3 35. Be2 Nxb2 36. Rxa7 b5 37. Ra6 Re4 38. Bxb5
Rxd4 39. Rxc6+ Ke5 40. Rc1 Rb4 41. Re1+ Kd4 42. Bc6 Kc3 43. Re3+ Kc2 44. Be4+
Kc1 45. Ke1 Rc4 46. Re2 Rc3 47. Rc2+ Rxc2 48. Bxc2 Kxc2 49. h4 Nd3+ 50. Kf1 Ne5
51. h5 Kc3 52. f3 Kb4 53. Ke2 Ka3 54. g4 Nf7 55. f4 Kb4 56. g5 Kc4 57. a4 Kb4
58. h6 Nh8 59. f5 Kxa4 60. g6 Kb5 61. g7 Nf7 62. h7 Kc6 63. g8=Q Nd6 64. Qe6
Kc7 65. h8=Q 1-0

[Event "Первенство Москвы"]
[Site "РњРѕСЃРєРІР°"]
[Date "2016.11.13"]
[Round "2.24"]
[White "Pryamikov, Dmitriy"]
[Black "Boger, Juri"]
[Result "0-1"]
[WhiteElo "1398"]
[BlackElo "1542"]
[PlyCount "110"]
[EventDate "2016.11.12"]

1. e4 d6 2. d4 Nf6 3. Nc3 g6 4. Bf4 Bg7 5. Qd2 Nbd7 6. f3 e5 7. dxe5 Nxe5 8.
Bxe5 dxe5 9. Qxd8+ Kxd8 10. O-O-O+ Ke7 11. Bc4 c6 12. a3 Be6 13. Bxe6 Kxe6 14.
Nh3 Rhd8 15. Nf2 Bh6+ 16. Kb1 Be3 17. Nd3 b5 18. Rhe1 Bd4 19. Ne2 Bb6 20. Nb4
c5 21. Nd3 Rd7 22. Nf2 Rad8 23. Rxd7 Rxd7 24. Rd1 Rxd1+ 25. Nxd1 Ba5 26. Ndc3
a6 27. Kc1 Bxc3 28. Nxc3 Kd6 29. a4 b4 30. Ne2 c4 31. b3 c3 32. Ng3 h5 33. Kd1
h4 34. Nf1 Nd7 35. Ne3 Nc5 36. Nc4+ Ke6 37. Ne3 f5 38. exf5+ gxf5 39. g3 hxg3
40. hxg3 f4 41. gxf4 exf4 42. Ng2 Ke5 43. Ke2 Kf5 44. Ne1 a5 45. Kd1 Kg5 46.
Ng2 Ne6 47. Ke2 Nd4+ 48. Kd3 Nxf3 49. Ke4 Nd2+ 50. Kd3 Kg4 51. Ne1 Kg3 52. Kd4
f3 53. Nxf3 Nxf3+ 54. Kc4 Nd2+ 55. Kb5 Nxb3 0-1

[Event "Первенство Москвы"]
[Site "РњРѕСЃРєРІР°"]
[Date "2016.11.13"]
[Round "2.25"]
[White "Kazakov, Gleb"]
[Black "Kondratiev, Vadim"]
[Result "0-1"]
[WhiteElo "1366"]
[BlackElo "1537"]
[PlyCount "110"]
[EventDate "2016.11.12"]

1. e4 e5 2. Nf3 Nc6 3. Bc4 Nf6 4. d3 Bc5 5. O-O d6 6. c3 Bg4 7. Bg5 h6 8. Bxf6
Qxf6 9. h3 Bxf3 10. Qxf3 Qxf3 11. gxf3 Na5 12. b4 Nxc4 13. bxc5 Na5 14. cxd6
cxd6 15. d4 Nc4 16. Rd1 Ke7 17. Nd2 Rac8 18. Nxc4 Rxc4 19. Rab1 b6 20. Rb3 Rhc8
21. Rd3 Ra4 22. Rb2 Ra3 23. dxe5 dxe5 24. Rd5 f6 25. Rbd2 Rc7 26. Kg2 Raxc3 27.
Rb2 Rc2 28. Rdb5 Rxb2 29. Rxb2 Rb7 30. Kg3 b5 31. a3 a5 32. f4 b4 33. axb4 axb4
34. fxe5 fxe5 35. f4 exf4+ 36. Kxf4 b3 37. Kf5 Kf7 38. h4 Rb5+ 39. Kg4 g6 40.
Kf4 Ke6 41. Kg4 Ke5 42. Kf3 Rb4 43. Kg3 Kxe4 44. Kg4 Kd3+ 45. Kf3 Kc3 46. Rb1
Kc2 47. Re1 b2 48. Re2+ Kb3 49. Re1 Ka2 50. Re2 Ka1 51. Re1+ b1=Q 52. Rxb1+
Kxb1 53. Kg3 g5 54. hxg5 hxg5 55. Kg2 Rb3 0-1

[Event "Первенство Москвы"]
[Site "РњРѕСЃРєРІР°"]
[Date "2016.11.13"]
[Round "2.26"]
[White "Pischik, Aleksei"]
[Black "Ratataev, Ilya"]
[Result "1-0"]
[WhiteElo "1533"]
[BlackElo "1262"]
[PlyCount "59"]
[EventDate "2016.11.12"]

1. e4 c5 2. Nf3 e6 3. d4 cxd4 4. Nxd4 Nf6 5. Bd3 Nc6 6. Be3 d6 7. c3 Ne5 8.
Bb5+ Bd7 9. Bxd7+ Qxd7 10. Nd2 Nd3+ 11. Ke2 Nxb2 12. Qb3 Na4 13. Nb5 Nc5 14.
Bxc5 dxc5 15. Qa4 Rc8 16. Nc4 Nxe4 17. Rhd1 Qxb5 18. Qxb5+ Rc6 19. Qxb7 Nxc3+
20. Kf3 Nd5 21. Qxc6+ Kd8 22. Ne5 Ke7 23. Rxd5 exd5 24. Qxd5 Kf6 25. Nd7+ Kg6
26. Qe4+ f5 27. Qe6+ Kg5 28. h4+ Kh5 29. Qxf5+ Kh6 30. Qg5# 1-0

[Event "Первенство Москвы"]
[Site "РњРѕСЃРєРІР°"]
[Date "2016.11.13"]
[Round "2.27"]
[White "Makshanov, Matvey"]
[Black "Tishkin, Boris"]
[Result "1-0"]
[WhiteElo "1353"]
[BlackElo "1527"]
[PlyCount "67"]
[EventDate "2016.11.12"]

1. e4 c5 2. Nc3 d6 3. Bb5+ Bd7 4. Bxd7+ Qxd7 5. d3 Nf6 6. Nf3 Nc6 7. Be3 g6 8.
O-O Bg7 9. h3 O-O 10. d4 cxd4 11. Nxd4 Ne5 12. Re1 Nc4 13. b3 Nxe3 14. Rxe3
Rac8 15. Qd2 Bh6 16. Rd1 a6 17. Qd3 Bxe3 18. Qxe3 Qc7 19. Nd5 Nxd5 20. exd5
Rfe8 21. Rd3 Qa5 22. c4 Qxa2 23. Qg3 e6 24. dxe6 fxe6 25. h4 Qb2 26. Kh2 Qc1
27. Qxd6 e5 28. Qd5+ Kh8 29. Ne6 Rxe6 30. Qxe6 Qf4+ 31. Kg1 Rf8 32. Rf3 Qh6 33.
Qxe5+ Qg7 34. Rxf8# 1-0

[Event "Первенство Москвы"]
[Site "РњРѕСЃРєРІР°"]
[Date "2016.11.13"]
[Round "2.28"]
[White "Pankin, Pavel"]
[Black "Kalita, Daniil"]
[Result "0-1"]
[WhiteElo "1301"]
[BlackElo "1520"]
[PlyCount "70"]
[EventDate "2016.11.12"]

1. e4 e6 2. d4 d5 3. e5 c5 4. c3 Nc6 5. Be3 Qb6 6. b3 cxd4 7. cxd4 Bb4+ 8. Nd2
Bc3 9. Rc1 Bxd4 10. Bxd4 Nxd4 11. Ndf3 Nxf3+ 12. Nxf3 Ne7 13. Nd4 O-O 14. Bd3
Qb4+ 15. Qd2 Qb6 16. g4 Kh8 17. h4 Qxd4 18. g5 Qxe5+ 19. Kd1 Nf5 20. Bxf5 exf5
21. f4 Qd6 22. h5 Bd7 23. Qd4 h6 24. Kd2 Rfe8 25. Rhe1 hxg5 26. Re5 Be6 27. h6
f6 28. hxg7+ Kxg7 29. Re2 Kf7 30. fxg5 fxg5 31. Rg2 Qf4+ 32. Qxf4 gxf4 33. Rf2
Kf6 34. Rxf4 Ke5 35. Ke3 Rec8 0-1

[Event "Первенство Москвы"]
[Site "РњРѕСЃРєРІР°"]
[Date "2016.11.13"]
[Round "2.29"]
[White "Dubinenko, Konstantin"]
[Black "Khakimullin, Artur"]
[Result "1-0"]
[WhiteElo "1519"]
[BlackElo "1147"]
[PlyCount "59"]
[EventDate "2016.11.12"]

1. e4 e5 2. Nf3 Nc6 3. Bc4 Bc5 4. c3 Nf6 5. d3 a6 6. Bb3 d6 7. Nbd2 O-O 8. O-O
h6 9. h3 Re8 10. Re1 Be6 11. Nf1 Bb6 12. Ng3 Bxb3 13. axb3 d5 14. Qe2 d4 15. c4
Nb4 16. Ra4 c5 17. Bd2 Nc6 18. Nf5 Kh7 19. g4 Ne7 20. g5 Nxf5 21. exf5 Nd7 22.
Qe4 hxg5 23. Nxg5+ Kg8 24. Qxb7 Qc7 25. Qg2 Nf6 26. Ne4 Nxe4 27. Rxe4 f6 28.
Rg4 Re7 29. Qxa8+ Kh7 30. Rh4# 1-0

[Event "Первенство Москвы"]
[Site "РњРѕСЃРєРІР°"]
[Date "2016.11.13"]
[Round "2.30"]
[White "Khegay, Ivan"]
[Black "Efimov, Ivan"]
[Result "0-1"]
[WhiteElo "1206"]
[BlackElo "1486"]
[PlyCount "48"]
[EventDate "2016.11.12"]

1. e4 c5 2. Nf3 e6 3. d4 cxd4 4. Nxd4 a6 5. Be3 Nf6 6. Nc3 Bb4 7. f3 Qc7 8. Qd2
d5 9. a3 Bxc3 10. bxc3 dxe4 11. f4 Nd5 12. c4 Nxe3 13. Qxe3 Qa5+ 14. Kf2 O-O
15. Qxe4 Nd7 16. Bd3 Nf6 17. Qe1 Qb6 18. c3 Qb2+ 19. Kf3 b6 20. Bb1 Bb7+ 21.
Kg3 Nh5+ 22. Kg4 Qxg2+ 23. Kxh5 Qh3+ 24. Kg5 h6# 0-1

[Event "Первенство Москвы"]
[Site "РњРѕСЃРєРІР°"]
[Date "2016.11.13"]
[Round "2.33"]
[White "Dorofeev, Fedor"]
[Black "Vorontsov, Alexandr"]
[Result "1/2-1/2"]
[WhiteElo "1460"]
[PlyCount "97"]
[EventDate "2016.11.12"]

1. Nf3 Nf6 2. d4 d5 3. Bf4 Nc6 4. e3 Bf5 5. Nbd2 e6 6. a3 Bd6 7. Bg3 Bxg3 8.
hxg3 Qd7 9. c4 Bg4 10. Be2 O-O-O 11. b4 Ne7 12. Ne5 Bxe2 13. Qxe2 Qe8 14. c5
Ng6 15. f4 Nxe5 16. fxe5 Ne4 17. Nxe4 dxe4 18. Qg4 Qa4 19. Qxe4 Qb3 20. O-O
Rdf8 21. Rfb1 Qc4 22. b5 f5 23. Qf3 g5 24. b6 axb6 25. cxb6 c6 26. Qf1 Qc3 27.
Qc1 Qd3 28. Rb4 Rhg8 29. Ra4 Kb8 30. Qc5 Qxe3+ 31. Kh2 Rd8 32. Qa5 Kc8 33. Qa8+
Kd7 34. Qxb7+ Ke8 35. Qxc6+ Kf8 36. Ra8 Rxa8 37. Qxa8+ Kg7 38. Qa7+ Kh6 39. b7
f4 40. b8=Q Qxg3+ 41. Kh1 f3 42. Qb2 f2 43. Qxf2 Qxf2 44. Qd7 Rg6 45. Qb5 Qxd4
46. Rf1 g4 47. Rf6 Qd1+ 48. Rf1 Qd2 49. Qc4 1/2-1/2

[Site "РњРѕСЃРєРІР°"]
[Date "2016.11.14"]
[Round "3.1"]
[White "Makoveev, Ilya"]
[Black "Fridman, Roman A."]
[Result "1-0"]
[WhiteElo "2218"]
[BlackElo "1693"]
[PlyCount "0"]
[EventDate "2016.11.12"]

*

[Site "РњРѕСЃРєРІР°"]
[Date "2016.11.14"]
[Round "3.2"]
[White "Tarasov, Danila"]
[Black "Vasilyev, Alexey"]
[Result "1-0"]
[WhiteElo "1659"]
[BlackElo "1857"]
[PlyCount "0"]
[EventDate "2016.11.12"]

*

[Site "РњРѕСЃРєРІР°"]
[Date "2016.11.14"]
[Round "3.3"]
[White "Arbuzov, Timofey"]
[Black "Vdovin, Georgy"]
[Result "1/2-1/2"]
[WhiteElo "1811"]
[BlackElo "1637"]
[PlyCount "0"]
[EventDate "2016.11.12"]

*

[Site "РњРѕСЃРєРІР°"]
[Date "2016.11.14"]
[Round "3.4"]
[White "Ivanov, Stepan"]
[Black "Makhlin, Miron"]
[Result "1-0"]
[WhiteElo "1558"]
[BlackElo "1777"]
[PlyCount "0"]
[EventDate "2016.11.12"]

*

[Site "РњРѕСЃРєРІР°"]
[Date "2016.11.14"]
[Round "3.5"]
[White "Zaitsev, Yuriy"]
[Black "Timofeev, Lev"]
[Result "0-1"]
[WhiteElo "1523"]
[BlackElo "1714"]
[PlyCount "0"]
[EventDate "2016.11.12"]

*

[Site "РњРѕСЃРєРІР°"]
[Date "2016.11.14"]
[Round "3.6"]
[White "Levkin, Lev"]
[Black "Girshgorn, Leonid"]
[Result "0-1"]
[WhiteElo "1711"]
[BlackElo "1518"]
[PlyCount "0"]
[EventDate "2016.11.12"]

*

[Event "Первенство Москвы"]
[Site "РњРѕСЃРєРІР°"]
[Date "2016.11.14"]
[Round "3.7"]
[White "Mishuris, Matvey"]
[Black "Kireev, Igor"]
[Result "1-0"]
[WhiteElo "1861"]
[BlackElo "1479"]
[PlyCount "79"]
[EventDate "2016.11.12"]

1. d4 d5 2. c4 e6 3. Nc3 Nf6 4. cxd5 exd5 5. Bg5 Nbd7 6. e3 c6 7. Bd3 Be7 8.
Nge2 O-O 9. O-O Re8 10. Qc2 Nf8 11. f3 Be6 12. e4 h6 13. Bxf6 Bxf6 14. e5 Be7
15. f4 Bg4 16. h3 Bxe2 17. Nxe2 f6 18. Rf3 fxe5 19. fxe5 Qb6 20. Raf1 Ne6 21.
Kh1 Rf8 22. Bf5 Nxd4 23. Nxd4 Qxd4 24. Qe2 Rae8 25. Rf4 Qb6 26. Qh5 c5 27. e6
Bf6 28. Qg6 Rxe6 29. Qh7+ Kf7 30. Bxe6+ Kxe6 31. Qf5+ Kf7 32. Qxd5+ Kg6 33.
Qe4+ Kf7 34. Qc4+ Kg6 35. Qe4+ Kf7 36. Rxf6+ gxf6 37. Qh7+ Ke6 38. Re1+ Kd6 39.
Qe7+ Kd5 40. Qxf8 1-0

[Event "Первенство Москвы"]
[Site "РњРѕСЃРєРІР°"]
[Date "2016.11.14"]
[Round "3.8"]
[White "Kurus, Artem"]
[Black "Tsvetkov, Andrey"]
[Result "0-1"]
[WhiteElo "1598"]
[BlackElo "2079"]
[PlyCount "124"]
[EventDate "2016.11.12"]

1. c4 c6 2. Nf3 d5 3. e3 Nf6 4. b3 Bf5 5. Bb2 e6 6. Be2 h6 7. O-O Be7 8. d3 O-O
9. Nbd2 Nbd7 10. Qc2 Bh7 11. Rac1 Re8 12. Rfd1 Bf8 13. e4 dxe4 14. Nxe4 Nxe4
15. dxe4 Qc7 16. Bd3 Ne5 17. Qe2 Nxd3 18. Rxd3 Qf4 19. Re1 Bb4 20. Bc3 Bxc3 21.
Rxc3 Rad8 22. Rd3 Bg6 23. g3 Qf6 24. Nh4 Rxd3 25. Qxd3 Bh5 26. Ng2 Rd8 27. Qe3
e5 28. Qxa7 Rd2 29. a4 Bg4 30. Qe3 Qd6 31. f3 Rd3 32. fxg4 Rxe3 33. Rxe3 Qd1+
34. Kf2 Qxg4 35. h4 Qd1 36. Ne1 Kf8 37. Rd3 Qb1 38. Ke2 Ke7 39. Kd2 Qa2+ 40.
Nc2 Qb2 41. Rc3 Qb1 42. Re3 Qg1 43. a5 f6 44. b4 Qf2+ 45. Kd3 g5 46. hxg5 fxg5
47. b5 Qf1+ 48. Re2 cxb5 49. cxb5 Qb1 50. Kc4 Qd1 51. Rf2 Qg4 52. Kd5 Qxg3 53.
Rd2 Qc3 54. Rh2 Qxa5 55. Kc5 Qc7+ 56. Kd5 Qb6 57. Kc4 g4 58. Rh5 g3 59. Rxe5+
Kf6 60. Rf5+ Kg6 61. Ne1 Qe3 62. Rf8 Qxe4+ 0-1

[Event "Первенство Москвы"]
[Site "РњРѕСЃРєРІР°"]
[Date "2016.11.14"]
[Round "3.9"]
[White "Kuprin, Alexander"]
[Black "Chervonenkis, Boris"]
[Result "0-1"]
[WhiteElo "1648"]
[BlackElo "1804"]
[PlyCount "88"]
[EventDate "2016.11.12"]

1. d4 d5 2. Bf4 Nf6 3. e3 c5 4. c3 Nc6 5. Nf3 Bg4 6. Be2 e6 7. h3 Bh5 8. O-O
Be7 9. Nbd2 O-O 10. dxc5 Bxc5 11. Nb3 Be7 12. Nbd4 Rc8 13. Re1 h6 14. Nxc6 bxc6
15. Ba6 Rb8 16. Bxb8 Qxb8 17. Rb1 e5 18. Qb3 Qd6 19. Be2 Rb8 20. Qa3 Bg6 21.
Qxd6 Bxd6 22. Nd2 Bxb1 23. Rxb1 Kf8 24. Nb3 Ke7 25. Rd1 a5 26. a4 Rxb3 27. Rd2
Ne4 28. Rc2 Nc5 29. Bd1 e4 30. Rd2 Rb8 31. f3 f5 32. Kf1 Nd3 33. b3 Nc5 34. c4
Ke6 35. cxd5+ cxd5 36. fxe4 fxe4 37. Bg4+ Ke5 38. Bh5 Rxb3 39. Ke2 Nd3 40. Kf1
Rb1+ 41. Rd1 Rxd1+ 42. Bxd1 Nb2 43. Bc2 Bc5 44. g4 Bxe3 0-1